000
00313nam a2200133Ia 4500
005
20251222141826.0
008
251222s9999||||xx |||||||||||||| ||spa||
020
_a
84-451-0093-9
082
_a
770.924.6/A11
100
_a
Abad, Francesc
245
0
_a
Arte con texto
264
_b
Comunidad de Madrid
942
_c
LIB
999
_c
6973
_d
6973